01096cam a2200289 a 4500001001300000003000900013005001700022008004100039020001800080040002800098082002200126100003200148245009000180250003300270260007100303300004700374490002500421504005600446650002500502650002300527650002300550650006100573650004600634650002700680700004400707700005500751C01339243c-8CO-ViMGA20230915225027.0151015s2011 ck a gr 00010 spa d a9789582010584 aCO-ViMGAbspacCO-ViMGA04a136.73533 F562161 aFlorián Borbón, Sandra.10aJuega con tu bebé / cSandra Florián Borbón ; ilustración Ma. Alejandra Daza. aEditor Pío Fernando Gaona. aSanta Fe de Bogotá : bCooperativa Editorial Magisterio, c2011. a143 páginas : bilustraciones ; c24 cm.1 aColección Infancia aIncluye referencias bibliográficas (página 145)14aDesarrollo infantil.14aJuegos educativos.14aJuegos infantiles.14aLactantesx Cuidado e higienex Aspectos psicológicos.14aPadres e hijosx Aspectos psicológicos.14aPsicología infantil.1 aDaza, María Alejandra, eilustradora.1 aGaona Pinzón, Pío Fernando, d1954-, eeditor.